| 000 | 00000nam##2200000za#4500 |
| 001 | 9.640883 |
| 003 | CaOODSP |
| 005 | 20230201095211 |
| 007 | cr ||||||||||| |
| 008 | 150407|2007||||xxc|||||o f|0| 0 fre|d |
| 040 | |aCaOODSP|bfre |
| 043 | |an-cn--- |
| 086 | 1 |aPS64-98/2007F-PDF |
| 110 | 2 |aGendarmerie royale du Canada. |
| 245 | 10|aEnquêtes criminelles relatives à la sécurité nationale - tels mots, telle image du monde : |h[ressource électronique]|ble terrorisme et la langue |
| 260 | |aOttawa - Ontario : |bGendarmerie royale du Canada |c[2007]. |
| 300 | |a18p.|bréférences |
| 590 | |a12-40-Supp|b2012-10-23 |
| 691 | 07|aTerrorisme|2gcpds |
| 775 | 08|tNational security criminal investigations - words make worlds : |w(CaOODSP)9.696778 |
| 856 | 40|ahttp://publications.gc.ca|qPDF|s2.41 Mo|uhttps://publications.gc.ca/collections/collection_2012/grc-rcmp/PS64-98-2007-fra.pdf |